000 00745nam a2200289Ia 4500
005 20260324120102.0
008 008 260324s9999 xx 000 0 eng d
020 _a9780203758045
037 _aEBOOK
040 _aCRL
040 _beng
040 _cCRL
041 _2eng
041 _aeng
084 _qCRL
100 _aMary D. Salter Ainsworth; Everett Waters; Mary C. Blehar; Sally N. Wall
_91157176
245 0 _aPatterns of Attachment
245 2 _bA Psychological Study of the Strange Situation
260 _bTaylor and Francis
260 _c2015
365 _a
365 _b265
856 _uhttp://www.taylorfrancis.com/books/9780203758045
942 _cEBOOK
999 _c1748503
_d1748503